| LEADER |
01245nam0a2200241 450 |
| 001 |
16868336 |
| 010 |
|
|
|a 978-2-302-10455-6
|b rel.
|d 11,5
|
| 100 |
|
|
|a 20260529d2026 u u0frey01 ba
|
| 101 |
0 |
|
|a fre
|
| 102 |
|
|
|a FR
|
| 200 |
0 |
|
|a peluches de la mort (Les)
|f scénario, Jean-Christophe Derrien et Furious Jumper
|g dessin, Emmanuel Nhieu - couleurs, Joël Odone
|
| 207 |
|
1 |
|a
|
| 210 |
|
|
|a Toulon
|c Soleil
|d DL 2025
|
| 215 |
|
|
|a 1 vol. (45 p.)
|c ill. en coul.
|d 30 cm
|
| 225 |
1 |
|
|a Furious Jumper
|v 7
|
| 330 |
|
|
|a Furious est très content : le prototype de sa peluche officielle est arrivé. Mais la poupée tient absolument à l'étrangler ! Avec Edith et Bichon, il part enquêter à l'usine de fabrication, mais l'endroit est fermé depuis des années. Que s'est-il passé ? Il doit à tout prix découvrir le secret du lieu... Cependant, il risque, en fouinant un peu trop, de réveiller un démon longtemps endormi.
|
| 461 |
|
0 |
|t Furious Jumper
|v 7
|
| 700 |
|
0 |
|a Derrien
|b Jean-Christophe
|f 1971-....
|4 70
|
| 701 |
|
0 |
|a Furious Jumper
|4 70
|
| 702 |
|
0 |
|a Nhieu
|b Emmanuel
|f 1974-....
|4 440
|
| 900 |
|
|
|a Bande Dessinée (enfants)
|
| 901 |
|
|
|a Jeunesse
|
| 995 |
|
|
|a Médiathèque
|c Médiathèque
|f 089021894
|h 089021894
|k BD FUR
|o p
|q j
|r az
|e Médiathèque
|